• 首页
  • 本馆介绍
  • 公告通知
  • 最新文献
  • 馆藏检索
  • 电子资源
  • 读者导购
  • 参考咨询
  • 我的图书馆
  • 登录
  • 详细信息显示
  • 放入我的书架
  • 预约/预借图书
  • 作者相关作品
  • 分类相关作品
  • 丛书相关作品
  • 出版社相关作品

书目信息

  • 表格格式
  • 工作单格式
  • 卡片格式
题名:
大道行简
    
 
作者: 徐源 编译
分册:  
出版信息: 北京   中国纺织出版社  2004
页数: 210页
开本: 21cm
丛书名:
单 册:
中图分类: F279.1 , B026
科图分类:
主题词: 企业管理--经验--世界 , 企业管理 , 辩证唯物主义
电子资源:
ISBN: 7-5064-3047-9
000 01022nam0 2200301 450
001 1243150517
005 20120930120110.40
010    @a7-5064-3047-9@dCNY19.80
100    @a20041013d2004 em y0chiy50 ea
101 0  @achi
102    @aCN@b110000
105    @ay z 000yy
106    @ar
200 1  @a大道行简@e世界500强高效工作方法@f徐源编译@Ada dao xing jian
210    @a北京@c中国纺织出版社@d2004
215    @a210页@d21cm
300    @a一门提升个人解决难题能力的必修课程
330    @a本书是对世界500强企业、众多有效率的政府机构与社会组织团体采用的最重要的工作方法的分析、归纳和应用。
510 1  @aSimplicity Brings Highly Efficiency@zeng
517 1  @a世界500强高效工作方法@Ashi jie 500 qiang gao xiao gong zuo fang fa
606 0  @a企业管理@x经验@y世界
606 0  @a企业管理
606 0  @a辩证唯物主义
690    @aF279.1@v4
690    @aB026@v4
701  0 @a徐源@c(企业管理)@4编译@Axu yuan
801  0 @aCN@b大连网信软件有限公司图书馆·11@c20120930
905    @a10447@dB026@eJY68
    
    大道行简:世界500强高效工作方法/徐源编译.-北京:中国纺织出版社,2004
    210页;21cm
    一门提升个人解决难题能力的必修课程
    
    ISBN 7-5064-3047-9:CNY19.80
    本书是对世界500强企业、众多有效率的政府机构与社会组织团体采用的最重要的工作方法的分析、归纳和应用。
●
相关链接 在E读中查询图书 在五车中查询图书 在当当中查询图书 在豆瓣中查询图书


正题名:大道行简     索取号:B026/JY68         预约/预借

序号 登录号 条形码 馆藏地/架位号 状态 备注
1 7809611   278096114   学院路分馆/ [索取号:B026/JY68] 在馆    
2 7809612   278096123   学院路分馆/ [索取号:B026/JY68] 在馆    
3 7809613   278096132   学院路分馆/ [索取号:B026/JY68] 在馆    
4 7809614   278096141   学院路分馆/ [索取号:B026/JY68] 在馆    
唐山师范学院图书馆 欢迎您!
大连网信软件有限公司© 版权所有